Coisas que nos rodeiam (Registo nº 4430)

Detalhes MARC
000 -Etiqueta do registo
Cabeçalho 00697nam a2200253 4500
005 - Identificador da versão
Campo de controlo 20240904164418.0
010 ## - Número internacional normalizado dos livros (ISBN)
Número (ISBN) 9727300413
021 ## - Número do Depósito Legal
Código do país PT
Número 68488/93
035 ## - Other System Control Numbers
System Control Number cmtdl002.iso/06-01-2012/15896
System Control Number 2431758
100 ## - Dados gerais de processamento
Dados gerais de processamento 20030221d1993 d y0pory5003 ba
101 1# - Língua de publicação
Língua do texto, banda sonora, etc. Português
Língua do documento no original Inglês
102 ## - Pais de publicação ou produção
País de publicação Portugal
200 1# - Titulo e menção de responsabilidade
Título próprio Coisas que nos rodeiam
Primeira menção de responsabilidade dir. Rogério Moreira
Outras menções de responsabilidade trad. Cristina Soeiro
210 ## - Publicação, Distribuição, etc. 
Lugar da edição, distribuição, etc. [S.l.]
Nome do editor, distribuidor, etc. Marus
Data da publicação, distribuição, etc. D. L. 1993
215 ## - Descrição física 
Indicação específica da natureza do documento e extensão da espécie 87, [1] p.
Outras indicações físicas il.
Dimensões 31 cm
225 1# - Colecção 
Título próprio da colecção A minha primeira biblioteca
Indicação de volume 5
675 ## - Classificação Decimal Universal (CDU)
Notação 62
Edição BN
Língua da edição por
702 #1 - Nome de autor-pessoa física (responsabilidade secundária)
Número de registo de entrada de autoridade 0000665
Palavra de ordem Moreira
Outra parte do nome não tomada para palavra de ordem Rogério
Código de função Diretor / Director teatral / Realizador
Número de registo de entrada de autoridade 0000663
Palavra de ordem Soeiro
Outra parte do nome não tomada para palavra de ordem Cristina
Código de função Tradutor
942 ## - Elementos de entrada adicionados (Koha)
Tipo de item no Koha Livro
966 ## - Identificação da Biblioteca
Sigla EBVendas
Exemplares
Situação do levantamento Origin of item (home branch) (coded) Biblioteca de empréstimo Código de barras Cota Circulation type (not for loan) Tipo de documento Nota do exemplar Damaged status
  Biblioteca Escolar das Vendas Biblioteca Escolar das Vendas BEV1069/05 | 1993 0 MIN   Livro Sem mensagem